000 00787nam a22002055i 4500
001 154347
003 ES-MaACL
005 20250716002947.0
008 040706s1872 fr |||| | fre d
040 _aCAM
_bspa
_cCAM
100 1 _aGoethe, Johann Wolfgang von,
_d1749-1832
_eaut
_957568
245 1 4 _aLes affinités électives /
_cde Goethe ; traduction nouvelle par Camille Selden.
260 _aParis :
_bCharpentier et C.,
_c1872
_e(Corbeil :
_fTyp. et stér. de Crété fils)
300 _aIV, 344, [4] páginas ;
_c18 cm.
700 1 _aSélden, Camille,
_d1830-1896
_etrl
_9133094
852 _aES-MaACL
_cSPP3
_hDonativo de Manuel de la Revilla
_jG-9240
_xHolandesa
852 _aES-MaACL
_cSVI
_jD-4902
_xHolandesa
942 _2udc
_cMONANT
_n0
999 _c154347
_d154347